| 000 | 00363pam a2200157a 44500 | ||
|---|---|---|---|
| 008 | 230405s2012 xxu||||| |||| 00| 0 eng d | ||
| 041 | _aENG | ||
| 100 | _aEssvale | ||
| 245 | _aBusiness Knowledge For IT In Investment Management | ||
| 250 | _a1 | ||
| 260 |
_a _bShroff Publi _c2012 |
||
| 300 | _a165p,23cm | ||
| 440 | _a500 | ||
| 690 | _aMCA | ||
| 906 | _a7029 | ||
| 999 |
_c259888 _d259888 |
||